000 00480nam a2200157 4500
001 126238
003 ES-MaACL
005 20230906192801.0
007 t|
008 070214s1919 fr r ||||1| fre d
100 1 _aReboux, Paul.
_995728
245 1 0 _aBlancs et noirs
_b: carnet de voyage Haïti, Cuba, Jamaïque, Etats-Unis /
_cPaul Reboux.
260 _aParis :
_b[s.n.],
_c1919 (
_fImp. Hemmerle et Cie.)
300 _a318 p. :
_bil. ;
_c19 cm.
852 _aES-MaACL
_jF-10979
999 _c126238
_d126238